000 01669naa a22003737a 4500
001 BR9405976
003 BR-BrBNA
005 20250721155522.0
007 ta
008 250630b bl.|||m| |||| 00| 0 por d
040 _aBR-BrBNA
_bpor
_cBiblioteca Nacional de Agricultura
041 _a(Pt)
072 _aF08
_b3000
_b1100
_b0120
_b1440
090 _aF08 BR9405976
100 1 _aPereira, C.A.
100 1 _aVeiga, J.B. da
100 1 _aNepstad, D.C.
100 1 _aSerrao, E.A. de S.
111 1 _a1. Congresso Brasileiro sobre Sistemas Agroflorestais; 1. Encontro sobre Sistemas Agroflorestais nos Paises do MERCOSUL
_cPorto Velho, RO (Brazil)
_d3-7 Jul 1994
245 1 _aAvaliacao do crescimento de arvores de valor economico em sistemas agrossilvipastoris de Paragominas-PA
500 _a1. Congresso Brasileiro sobre Sistemas Agroflorestais e 1. Encontro sobre Sistemas Agroflorestais nos Paises do MERCOSUL. Anais. V. 2: trabalhos voluntarios Colombo, PR (Brasil): 1994. p. 219-227 [Summaries (En, Pt); 15 ref.] (BR9405976-AMS)
773 0 _t1. Congresso Brasileiro sobre Sistemas Agroflorestais e 1. Encontro sobre Sistemas Agroflorestais nos Paises do MERCOSUL. Anais. V. 2: trabalhos voluntarios
_wF08 BR9405976
_gColombo, PR (Brasil), 1994. p. 219-227
650 _aArvore Florestal
650 _aFruta Tropical
650 _aMilho
650 _aFeijao de Corda
650 _aConsorciacao de Cultura
650 _aCrescimento
650 _aSistema Agroflorestal
650 _aPara
490 _aDocumentos - Centro Nacional de Pesquisa de Florestas (Brazil)
_vno. 27
942 _cAMS
_2AGRIS
909 _a202506
_bLúcia
_c55
_dLúcia Elande
999 _c336965
_d336965